000 00571nam a22001932 4500
001 0000004802
005 20151217155826.0
008 070530s xx 000 0 eng d
040 _aKABU
_cKABU
050 0 _aSK324
_b.A354L96
100 1 _aLynn-Allen, B. G.
_@0000155615
245 1 0 _aShot-gun and sunlight :
_bthe game birds of East Africa.
260 _aLondon :
_bBatchworth Press,
_c1951.
300 _a416 p.
650 0 _aGame birds
_zAfrica, East.
_@0000155616
908 _a070530
950 _@1
999 _c12930
_d12930